000 00660nam a2200229Ia 4500
003 OSt
005 20220927105227.0
006 a|||||r|||| 00| 0
007 ta
008 220926b |||||||| |||| 00| 0 eng d
024 _a188161
037 _cReference Collections
040 _aRTL
_cRTL
_beng
041 _2eng
_aeng
082 _a"B33, K2/SC"
100 _aDavis Harold T.
_9371186
245 0 _aIntroduction to nonlinear differential and integral equations
260 _aNew
_bYork Dover Publications
_c1962
300 _a"xv,566p"
_ccm.
942 _h"B33, K2/SC"
_cCC
999 _c691414
_d691414